00661nam a2200181 i 450000100060000000300090000600500170001500700030003200800410003510000270007624501070010326000320021030000300024270000360027285200320030899900170034095201220035786577ES-MaACL20230906175458.0t|041214s1970 sp ||||1| spa d1 aKielholz, Paul.96801110aAngustia b: aspectos psíquicos y somáticos / cPaul Kielholz ; [versión de A. Guerra Miralles]. aMadrid : bMorata, c[1970] a214 p. : bil. ; c21 cm.1 aGuera Miralles, Alfredo.960449 aES-MaACLjC-38555 bR.74512 c86577d86577 00104070aATENEOMbATENEOMcDEPO2d2008-01-17eSCl0oC-38555p1090453r2023-02-23 00:00:00w2023-02-23yMONOGRAFIA